000 01333nam a2200289 i 4500
999 _c357743
_d357743
001 000000075575
003 IT-MiSPE
005 20180120112045.0
008 041027s1970 it u000 u ita d
040 _aIT-RoPUS
_bita
_cIT-MiSPE
041 1 _aita
_hger
100 1 _aAlthaus, Paul.
_91691
_eautore
_4aut
240 1 0 _aBrief an die Römer.
_lItaliano
245 1 3 _aLa lettera ai Romani /
_ccommento di Paul Althaus ; traduzione italiana di Giovanni Torti.
250 _aEd. italiana /
_ba cura di Omero Soffritti.
260 _aBrescia :
_bPaideia,
_c1970.
300 _a285 p. ;
_c21 cm
490 1 _aNuovo Testamento ;
_v6
700 1 _aSoffritti, Omero.
_974861
_ecuratore
_4edt
730 0 _aBiblia.
_pN.T.
_pAd Romanos.
_lItaliano.
_994424
830 0 _aNuovo Testamento (Paideia) ;
_v6.
_956737
942 _aCinisello Balsamo
_cBK
_2ddc